Witamy w Bibliotece Naukowej Instytutu Łączności!

Datentechnik : (Rekord nr 12435)

000 -LEADER
fixed length control field 00346 a2200085 4500
100 1# - MAIN ENTRY--PERSONAL NAME
Personal name Tafel, Hans Joerg.
Relator term Autor
245 0# - TITLE STATEMENT
Title Datentechnik :
Remainder of title Grundlagen, Baugruppen, Geraete. Neuausgabe des Werkes "Einfuehrung in die digitale Datenverarbeitung." /
Statement of responsibility, etc Tafel Hans Joerg.
260 ## - PUBLICATION, DISTRIBUTION, ETC. (IMPRINT)
Place of publication, distribution, etc Muenchen :
Name of publisher, distributor, etc Hanser,
Date of publication, distribution, etc 1978.
300 ## - PHYSICAL DESCRIPTION
Extent 279 s.;
Dimensions 25 cm.
710 2# - ADDED ENTRY--CORPORATE NAME
Corporate name or jurisdiction name as entry element Hanser.
Relator term Wydawca
Relator code pbl

Brak dostępnych egzemplarzy.

Działa dzięki Koha